Click the Countries of the World on a Map - Sudden Death - Statistics

General Stats
  • This quiz has been taken 222 times
  • The average score is 54 of 196
Answers on the Map
Answers color-coded by a green-red scale on the quiz's map according to % correct below.
 
Answer Stats
Answer % Correct
Turkey
42%
Denmark
38%
Iran
38%
Romania
38%
Spain
38%
Argentina
36%
Austria
36%
Canada
36%
Egypt
36%
Malta
36%
North Korea
36%
China
34%
Cuba
34%
Greece
34%
Mongolia
34%
Myanmar
34%
Poland
34%
United States
34%
Algeria
33%
Bosnia and
Herzegovina
33%
Brazil
33%
Cyprus
33%
Estonia
33%
Ethiopia
33%
France
33%
Iceland
33%
India
33%
Japan
33%
Lesotho
33%
Lithuania
33%
Madagascar
33%
Mauritania
33%
Portugal
33%
Sweden
33%
Switzerland
33%
Tunisia
33%
United Kingdom
33%
Venezuela
33%
Australia
31%
Bhutan
31%
Bulgaria
31%
Chile
31%
Dominican Republic
31%
Eritrea
31%
Indonesia
31%
Ireland
31%
Italy
31%
Jordan
31%
Kazakhstan
31%
Maldives
31%
Mozambique
31%
Nepal
31%
Niger
31%
South Africa
31%
Sri Lanka
31%
Belarus
30%
Bolivia
30%
Cambodia
30%
Chad
30%
Colombia
30%
Democratic Republic
of the Congo
30%
Central African
Republic
30%
Finland
30%
Germany
30%
Israel
30%
Libya
30%
Morocco
30%
Namibia
30%
Netherlands
30%
Nigeria
30%
Norway
30%
Pakistan
30%
Panama
30%
Paraguay
30%
Peru
30%
Russia
30%
Saudi Arabia
30%
Seychelles
30%
South Korea
30%
South Sudan
30%
Suriname
30%
Thailand
30%
Ukraine
30%
Uruguay
30%
Uzbekistan
30%
Yemen
30%
Afghanistan
28%
Angola
28%
Bahamas
28%
Belize
28%
Cape Verde
28%
Czech Republic
28%
Ecuador
28%
El Salvador
28%
Georgia
28%
Ghana
28%
Kosovo
28%
Malaysia
28%
Mexico
28%
Moldova
28%
North Macedonia
28%
Oman
28%
Qatar
28%
Syria
28%
Taiwan
28%
United Arab Emirates
28%
Andorra
27%
Bangladesh
27%
Belgium
27%
Costa Rica
27%
Djibouti
27%
Guatemala
27%
Guyana
27%
Haiti
27%
Hungary
27%
Kenya
27%
Latvia
27%
New Zealand
27%
Philippines
27%
Republic of the Congo
27%
Rwanda
27%
Senegal
27%
Somalia
27%
Uganda
27%
Vietnam
27%
Zambia
27%
Zimbabwe
27%
Albania
25%
Botswana
25%
Croatia
25%
Federated States of
Micronesia
25%
Gabon
25%
Honduras
25%
Iraq
25%
Ivory Coast
25%
Jamaica
25%
Kyrgyzstan
25%
Laos
25%
Marshall Islands
25%
Nicaragua
25%
Papua New Guinea
25%
Sudan
25%
Armenia
23%
Bahrain
23%
Brunei
23%
Burkina Faso
23%
Burundi
23%
São Tomé and
Príncipe
23%
East Timor
23%
Fiji
23%
Kuwait
23%
Lebanon
23%
Liechtenstein
23%
Mali
23%
Tanzania
23%
Vatican City
23%
Azerbaijan
22%
Benin
22%
Dominica
22%
Guinea
22%
Liberia
22%
Luxembourg
22%
Malawi
22%
Montenegro
22%
Saint Kitts and Nevis
22%
San Marino
22%
Serbia
22%
Slovakia
22%
Slovenia
22%
Tajikistan
22%
Togo
22%
Trinidad and Tobago
22%
Turkmenistan
22%
Cameroon
20%
Eswatini
20%
Guinea-Bissau
20%
Kiribati
20%
Mauritius
20%
Sierra Leone
20%
Singapore
20%
Antigua and Barbuda
19%
Comoros
19%
Equatorial Guinea
19%
Gambia
19%
Monaco
19%
Saint Lucia
19%
Solomon Islands
19%
Barbados
17%
Grenada
17%
Palau
17%
Saint Vincent and the
Grenadines
17%
Samoa
17%
Tonga
17%
Vanuatu
17%
Nauru
16%
Tuvalu
13%
No matching quizzes found
Score Distribution
Percent of People with Each Score
Percentile by Number Answered
Your Score History
You have not taken this quiz